000 00617nam a2200169Ia 4500
008 090711s9999 xx 000 0 und d
082 _b49511
100 _aकोकाटे महादेव
245 _aकोकाटे हमखास इंग्लिश (भाग 1)
260 _c1984
300 _a118
600 _aकोकाटे महादेव
630 _aकोकाटे हमखास इंग्लिश (भाग 1)
700 _aकोकाटे महादेव
730 _aकोकाटे हमखास इंग्लिश (भाग 1)
942 _cBOOK
999 _c286294
_d286294